| 000 | 01155nam a2200337 i 4500 | ||
|---|---|---|---|
| 001 | 000022636 | ||
| 003 | DO-SdBNP | ||
| 005 | 20250430073846.0 | ||
| 007 | ta | ||
| 008 | 101014t2004 dr 000 0 spa d | ||
| 020 | _a9993433942 | ||
| 040 |
_aDO-SdBNP _bspa _cBNPHU _erda |
||
| 041 | _aspa | ||
| 082 | 4 |
_a158.1 _bM516d _222 |
|
| 100 | 1 |
_aMejía, José Salvador, _eautor _4aut. _945731 |
|
| 245 | 1 | 3 |
_aEl desafío del triunfo / _cJosé Salvador Mejía ; prólogo, Fausto Ramón Mejía Vallejo. |
| 250 | _aPrimera edición | ||
| 264 | 4 |
_aSanto Domingo : _bMediabyte, S.A., _c2004. |
|
| 300 |
_a259 páginas ; _c22 cm. |
||
| 336 |
_atexto _btxt _2rdacontent |
||
| 337 |
_asin mediación _bn _2rdamedia |
||
| 338 |
_avolumen _bnc _2rdacarrier |
||
| 500 | _aIncluye referencias bibliográficas y notas al pie de las páginas. | ||
| 504 | _aBibliografía : páginas 253-259. | ||
| 590 | _aInventariado, 2018/ MFF | ||
| 650 | 0 |
_aAutorrealización (Psicología) _9211 |
|
| 650 | 4 |
_aCambio (psicología) _936636 |
|
| 700 | 1 |
_aMejía Vallejo, Fausto Ramón, _eprologuista _4pr. _920492 |
|
| 910 | _aValidado. Control de calidad EMS. | ||
| 942 |
_2ddc _cLBS1 |
||
| 999 |
_c22133 _d22133 |
||